عرض عادي
عرض مارك
- Hirasawa, Louise.
مدخل إسم شخص
001 - رقم الضبط
- حقل الضبط: 4506
003 - معرف رقم الضبط
- حقل الضبط: OSt
005 - تاريخ ووقت أخر عملية
- حقل الضبط: 20110914210301.0
008 - عناصر بيانات ثابتة الطول
- حقل تحكم ثابت الطول: 110914|||a|||||| | ||| d
040 ## - مصدر الفهرسة
- هيئة الفهرسة الأصلية: OSt
- وكالة الكتابة: OSt
100 ## - مدخل -- أسم شخص
- إسم شخص: Hirasawa, Louise.
670 ## - بيانات المصدر موجوده
- الاستشهاد بالمصدر: Work cat.: (OSt): Hirasawa, Louise., Developing Reading Skills, 1998
